[Event "Bois Gentil op"]
[Site "Geneve"]
[Date "2017.02.24"]
[Round "6"]
[White "Reich, Erwin"]
[Black "Monnard, Daniel"]
[Result "1/2-1/2"]
[WhiteElo "1835"]
[BlackElo "1714"]
[PlyCount "66"]
[EventDate "2017.01.13"]
[EventType "swiss"]
[EventRounds "7"]
[EventCountry "SUI"]
[SourceTitle "EXT 2018"]
[Source "ChessBase"]
[SourceDate "2017.10.13"]
[SourceVersion "1"]
[SourceVersionDate "2017.10.13"]
[SourceQuality "1"]

1. e4 e6 2. d4 d5 3. Nc3 Nf6 4. Bg5 Be7 5. Bxf6 Bxf6 6. e5 Be7 7. Nce2 c5 8. Nf3 Nc6 9. c3 Qb6 10. Qb3 Bd7 11. Qxb6 axb6 12. a3 Na5 13. Nc1 c4 14. Be2 Ba4 15. 0-0 0-0 16. Bd1 b5 17. Ne2 Bxd1 18. Raxd1 Rfc8 19. Nd2 Nb3 20. Nb1 h6 21. f4 f5 22. exf6 Bxf6 23. Rfe1 Kf7 24. g3 Ra6 25. Kg2 Raa8 26. Kf3 Rh8 27. Ng1 Rae8 28. Re2 Rhg8 29. Kg2 b6 30. Rf1 g6 31. Nf3 Kg7 32. Rfe1 Kf7 33. Kh1 Re7 1/2-1/2

[Event "Bois Gentil op"]
[Site "Geneve"]
[Date "2017.01.13"]
[Round "1"]
[White "Vederhus, Alf"]
[Black "Reich, Erwin"]
[Result "1-0"]
[WhiteElo "1515"]
[BlackElo "1835"]
[PlyCount "43"]
[EventDate "2017.01.13"]
[EventType "swiss"]
[EventRounds "7"]
[EventCountry "SUI"]
[SourceTitle "EXT 2018"]
[Source "ChessBase"]
[SourceDate "2017.10.13"]
[SourceVersion "1"]
[SourceVersionDate "2017.10.13"]
[SourceQuality "1"]

1. e4 c6 2. d4 d5 3. exd5 cxd5 4. c4 Be6 5. b3 Nf6 6. Nc3 g6 7. Nf3 Bg7 8. Be2 Ne4 9. Nxe4 dxe4 10. Ng5 Bxd4 11. Nxe6 Bc3+ 12. Bd2 Qxd2+ 13. Qxd2 Bxd2+ 14. Kxd2 fxe6 15. Rae1 0-0 16. Rhf1 Rf6 17. Bg4 Nc6 18. Rxe4 e5 19. Kc3 Rd8 20. Bf3 Rfd6 21. Re3 Rd2 22. Bd5+ 1-0

[Event "Bois Gentil op"]
[Site "Geneve"]
[Date "2016.02.12"]
[Round "5"]
[White "Le Bourhis, Gael"]
[Black "Reich, Erwin"]
[Result "1-0"]
[WhiteElo "2140"]
[BlackElo "1853"]
[PlyCount "85"]
[EventDate "2016.01.15"]
[EventType "swiss"]
[EventRounds "7"]
[EventCountry "SUI"]
[SourceTitle "EXT 2017"]
[Source "ChessBase"]
[SourceDate "2016.10.25"]
[SourceVersion "1"]
[SourceVersionDate "2016.10.25"]
[SourceQuality "1"]

1. d4 Nf6 2. Nf3 d5 3. e3 Bg4 4. h3 Bxf3 5. Qxf3 c6 6. c4 e6 7. Nc3 Nbd7 8. cxd5 exd5 9. Bd3 Be7 10. 0-0 0-0 11. Bd2 Qc7 12. Rfc1 Qb8 13. Rab1 Rd8 14. b4 a6 15. Na4 Bd6 16. Nc5 Nf8 17. a4 Re8 18. Be1 Ne6 19. Nxe6 fxe6 20. b5 axb5 21. axb5 cxb5 22. Rxb5 b6 23. Rcb1 Bc7 24. Qe2 Qa7 25. R5b3 Qa2 26. R3b2 Qa7 27. Bb4 Qb7 28. Bc5 Rec8 29. Bxb6 Bxb6 30. Rxb6 Rc1+ 31. Rxc1 Qxb6 32. Qc2 Qd6 33. Qc6 Rd8 34. Qxd6 Rxd6 35. Rc7 Nd7 36. Kh2 Nf8 37. Bb5 Rd8 38. Re7 h6 39. Be8 Kh7 40. Bf7 Rd7 41. Rxd7 Nxd7 42. Bxe6 Nf6 43. f3 1-0